5 Densest Countries & Territories by Continent - Statistics

General Stats
  • This quiz has been taken 30 times
  • The average score is 18 of 30
Answer Stats
Density (/km²) Country / Territory % Correct
Europe 18,149 Monaco
92%
Europe 1,177 Vatican City
81%
South America 26 Brazil
77%
South America 73 Ecuador
77%
Asia 8,377 Singapore
77%
Oceania 220 American Samoa
73%
South America 47 Colombia
73%
South America 33 Venezuela
73%
South America 26 Chile
69%
Africa 458 Comoros
69%
Europe 1,672 Malta
69%
Africa 641 Mauritius
69%
Oceania 639 Nauru
65%
Oceania 233 Marshall Islands
62%
Oceania 380 Tuvalu
62%
Asia 1,892 Bahrain
58%
North America 656 Barbados
58%
Africa 516 Burundi
58%
Asia 1,737 Maldives
58%
Africa 571 Rwanda
58%
Europe 4,807 Gibraltar
54%
Asia 7,135 Hong Kong
50%
Asia 21,403 Macau
46%
North America 590 Aruba
42%
North America 1,186 Bermuda
38%
North America 642 Saint Martin
38%
Europe 1,009 Guernsey
35%
Oceania 320 Guam
31%
Africa 898 Mayotte
27%
North America 1,301 Sint Maarten
27%
No matching quizzes found
Score Distribution
Percent of People with Each Score
Percentile by Number Answered
Your Score History
You have not taken this quiz